000 00759nam a2200241Ia 4500
003 OSt
005 20221006170104.0
006 a|||||r|||| 00| 0
007 ta
008 221006b |||||||| |||| 00| 0 hin d
024 _a7,291
037 _cDissertations
040 _aFML
_cFML
_bhin
041 _2hin
_ahin
100 _aJatin Kumar Au.
_9681068
110 _aDelhi University. Faculty of Music and Fine Arts. Department of Music
245 0 _aChitrapat Sangeet Nirdeshan Ke Kshetra Main Aye Parivartano Per Ek Vishleshanatmak Aadhyayan
260 _c2010
300 _a100
_ccm.
700 _aDelhi University. Faculty of Music and Fine Arts. Department of Music
942 _cDIS
_2CC
999 _c1122957
_d1122957